Religion Quiz

Random Religion or Church Quiz

Religious Anagrams Quiz Stats

 Plays Quiz Updated Jun 3, 2018

Also try: Musical Anagrams
Challenge
Share
Tweet
Embed
Score 0/30 Timer 06:00
2 Plays Today
Mixed Word Answer % Correct
Notable Jewish observancesBAR MITZVAH
83.8%
Notable Jewish observancesYOM KIPPUR
83%
Notable Jewish observancesSHABBAT/SABBATH
81.6%
Notable terms in ChristianityCROWN OF THORNS
80.7%
5 Pillars of IslamHAJJ
80.1%
Notable terms in ChristianityCRUCIFIX
79.6%
Religious structures and buildingsSYNAGOGUE
78%
Religious structures and buildingsPAGODA
78%
Heroes in Greek mythologyPERSEUS
70.9%
Notable Jewish observancesROSH HASHANAH
68.7%
Religious structures and buildingsCATHEDRAL
62.1%
Heroes in Greek mythologyODYSSEUS
56.4%
Important Buddhist conceptsNIRVANA
51.5%
Heroes in Greek mythologyOEDIPUS
51.5%
Religious structures and buildingsMONASTERY
50.4%
Mixed Word Answer % Correct
Notable Jewish observancesSUKKOT
47.3%
5 Pillars of IslamSAUM
46.7%
Important Buddhist conceptsWISDOM
45.8%
5 Pillars of IslamSALAT
40.2%
5 Pillars of IslamZAKAT
39%
Notable terms in ChristianityGOSPEL
31%
Heroes in Greek mythologyTHESEUS
30.5%
Notable terms in ChristianityTRINITY
26.2%
Important Buddhist conceptsENLIGHTENMENT
23.4%
5 Pillars of IslamSHAHADA
17.9%
Notable terms in ChristianityPENTECOST
15.8%
Heroes in Greek mythologyORPHEUS
13.9%
Important Buddhist conceptsIMPERMANENCE
13.5%
Important Buddhist conceptsMINDFULNESS
12.8%
Religious structures and buildingsGURDWARA
11.4%

You're not logged in!

Compare scores with friends on all Sporcle quizzes.
Join for Free
OR
Log In

You Might Also Like...

Show Comments

Extras

Top Quizzes Today


Score Distribution

Your Account Isn't Verified!

In order to create a playlist on Sporcle, you need to verify the email address you used during registration. Go to your Sporcle Settings to finish the process.

Report this User

Report this user for behavior that violates our Community Guidelines.

Details: